| 000 | 00527nam a22001697a 4500 | ||
|---|---|---|---|
| 008 | 230328b |||||||| |||| 00| 0 eng d | ||
| 020 | _a0-471-78856-2 | ||
| 040 |
_aNational Science Library _cNational Science Library |
||
| 080 |
_aD 681.324 _bP7 |
||
| 100 |
_aAhamed, Syed V _95631 |
||
| 245 |
_aIntelligent internet knowledge networks: _bProcessing of concepts and wisdom |
||
| 260 |
_aNew Jersey: _bJohn Wiley & Sons Inc., _c2007 |
||
| 300 | _axxi, 521p. | ||
| 650 | _aInternet | ||
| 653 | _aNetwork | ||
| 942 |
_2udc _cBK |
||
| 999 |
_c16121 _d16121 |
||